000 00476nam a22001577a 4500
010 _aENG-118078
020 _a9789384866266
_c750.00
035 _aEN-101610
037 _bDBAD/PUB
082 _a910
245 _aHistory of geographic thought /
_cedited by Akhilesh Kumar Pandey
260 _aNew Delhi
_c2015
270 _a437/4B, Gali Murari Lal, Ansari Road,Darya Ganj , New Delhi-110002
300 _a314p.
_c22cm(Hb)
942 _2ddc
_cEN
_h910
_mHIS
999 _c139601
_d139601